The princess and the potty / (Record no. 105656)
[ view plain ]
| 000 -LEADER | |
|---|---|
| fixed length control field | 00657nam a2200181 a 4500 |
| 005 - DATE AND TIME OF LATEST TRANSACTION | |
| control field | 20140412111410.0 |
| 008 - FIXED-LENGTH DATA ELEMENTS--GENERAL INFORMATION | |
| fixed length control field | 070216s19uu xx 00 eng d |
| 020 ## - INTERNATIONAL STANDARD BOOK NUMBER | |
| International Standard Book Number | 0-671-87284-2 |
| 050 ## - LIBRARY OF CONGRESS CALL NUMBER | |
| Classification number | TR(PS E |
| Item number | Pr93 1994 |
| 100 ## - MAIN ENTRY--PERSONAL NAME | |
| Personal name | Lewison, Wendy Cheyette |
| 245 ## - TITLE STATEMENT | |
| Title | The princess and the potty / |
| Statement of responsibility, etc | Wendy Cheyette Lewison. |
| 260 ## - PUBLICATION, DISTRIBUTION, ETC. (IMPRINT) | |
| Place of publication, distribution, etc | New york : |
| Name of publisher, distributor, etc | Aladdin paperbacks, |
| Date of publication, distribution, etc | 1994. |
| 440 ## - SERIES STATEMENT/ADDED ENTRY--TITLE | |
| Title | Stories to go! |
| 520 ## - SUMMARY, ETC. | |
| Summary, etc | When everything fails to persuade the princess to use her potty, the king and queen consult the royal advisor who gives them valuable advice |
| 650 ## - SUBJECT ADDED ENTRY--TOPICAL TERM | |
| Topical term or geographic name as entry element | Toilet training - fiction |
| 650 ## - SUBJECT ADDED ENTRY--TOPICAL TERM | |
| Topical term or geographic name as entry element | Princess - fiction |
| Withdrawn status | Lost status | Damaged status | Use restrictions | Home library | Current library | Shelving location | Date acquired | Source of acquisition | Total Checkouts | Full call number | Barcode | Date last seen | Price effective from | Koha item type |
|---|---|---|---|---|---|---|---|---|---|---|---|---|---|---|
| Elizalde Library | Elizalde Library | Teachers Reference Section | 02/16/2007 | TR(PS E Pr93 1994 | E10496 | 04/12/2014 | 04/12/2014 | Books |